Statistics for Bordering Countries with similar names

Click here to take the quiz!

General Stats

  • This quiz has been taken 55 times
  • The average score is 26 of 44

Answer Stats

Country % Correct
Niger
78%
Nigeria
78%
Russia
75%
Iran
73%
Iraq
71%
Algeria
71%
China
71%
India
69%
Chad
67%
South Korea
67%
North Korea
67%
France
65%
Sudan
65%
Estonia
63%
Latvia
61%
Germany
61%
Nepal
59%
Syria
59%
Brazil
55%
Jordan
55%
Libya
53%
Zambia
53%
Uganda
51%
Bhutan
49%
Kenya
47%
Namibia
45%
Rwanda
45%
Denmark
43%
Yemen
39%
Oman
39%
Mexico
37%
Belize
35%
Uzbekistan
35%
Tajikistan
31%

Score Distribution

Percentile by Number Answered

Percent of People with Each Score

Your Score History

You have not taken this quiz